Les animaux dans les aventures de Tintin (par image) - Statistiques

Statistiques générales
  • Ce quiz a été pris 229 fois
  • Le résultat moyen est 13 sur 16
Statistiques - réponses
Par images Réponse % Correct
Un lama
99%
Des guêpes
96%
Une pie voleuse
95%
Un condor
91%
Un yack
90%
Un tamanoir
89%
Un buffle
88%
Un guépard
88%
Un poisson-torpille
88%
Un aigle
85%
Un tapir
84%
Des piranhas
81%
Un varan
79%
Un nasique
77%
Un pélican
74%
Un gymnote
34%
Aucun quiz correspondant
Distribution des résultats
% des personnes avec chaque résultat
Percentile par nombre de réponses
Votre historique - résultats
Vous n’avez pas pris ce quiz